[Event "49th CHN-ch 2018"]
[Site "Xinghua"]
[Date "2018.04.28"]
[Round "10"]
[White "Bai, Jinshi"]
[Black "Liu, Yan"]
[Result "1-0"]
[WhiteElo "2586"]
[BlackElo "2481"]
[Annotator "TA"]
[PlyCount "127"]
[EventDate "2018.??.??"]
[EventCountry "CHN"]
[SourceTitle "playchess.com"]
[Source "ChessBase"]
[SourceQuality "1"]

{[%evp 18,127,17,7,22,23,23,13,1,11,23,29,31,29,16,25,28,10,20,0,0,0,0,0,0,0,0,0,0,0,9,8,8,15,13,14,20,20,114,106,91,35,190,177,173,168,145,177,289,285,297,290,277,272,298,258,464,487,509,363,435,422,408,423,425,268,441,438,429,420,431,414,484,495,485,482,533,145,153,0,543,537,477,468,440,463,385,236,766,756,696,647,622,0,647,0,606,600,2342,1509,29988,29984,29984,29985,29990,29991,29991,29992,29992,29990,29990,29991]} 1. d4 Nf6 2. c4 e6 3. g3 Bb4+ 4. Nd2 c5 5. a3 Bxd2+ 6. Qxd2 cxd4 7. Nf3 b6 8. Bg2 {E00: Catalan Bogo-Indian (3 g3 Bb4+)} (8. b4 Bb7 9. Qxd4 d5 10. Bb2 dxc4 11. Qxc4 Nbd7 12. Bg2 Rc8 13. Qb3 Bd5 14. Qa4 O-O 15. O-O Qc7 {½-½ (31) Bok,B (2607)-Vidit,S (2718) Wijk aan Zee 2018}) 8... Bb7 9. Qxd4 Nc6 10. Qf4 {LiveBook: 6 Games. The position is equal.} Rc8 11. b4 Ne7 $146 ({Predecessor:} 11... Nh5 12. Qg4 Qf6 13. Rb1 Qg6 14. Qxg6 hxg6 15. Nd2 Nd8 16. e4 {1-0 (66) Hagen,A (2139)-Jablon,S (1931) Caleta 2012}) 12. Bb2 Ng6 13. Qd4 d5 14. cxd5 Qxd5 15. Qxd5 Bxd5 16. O-O O-O 17. Rfc1 Ne7 18. Bxf6 (18. Nd4 {with more complications.} Bxg2 19. Kxg2 Rfd8 20. a4 Ne4 21. a5) 18... gxf6 19. Nd4 Bxg2 20. Kxg2 f5 21. h3 Rfd8 22. e3 Kg7 23. g4 Kf6 24. f4 h6 25. Kf3 a6 26. a4 Rg8 27. b5 a5 (27... axb5 $11 28. axb5 Rxc1 29. Rxc1 Rc8) 28. Nc6 $1 $16 Ng6 29. Rg1 ({White should try} 29. Rc4 $16) 29... e5 $2 (29... Ne7 $14) 30. Rad1 $1 $18 {[%cal Rd1d6]} Rce8 31. Rd6+ Re6 32. g5+ hxg5 (32... Kg7 {might work better.} 33. Rxe6 fxe6) 33. fxg5+ Kg7 34. Rxe6 $1 fxe6 {[%mdl 4096] Endgame KRN-KRN} 35. Rd1 $1 e4+ 36. Kg3 e5 $2 (36... Rf8 37. Rd7+ Kg8 38. Ne7+ Kg7) 37. Rd7+ Kh8 38. Rd5 f4+ 39. Kf2 Re8 {[#]} 40. h4 $1 {[%mdl 512]} Nxh4 {intending ...Nf3.} 41. Rxe5 Rf8 $2 (41... Rxe5 42. Nxe5 Kh7 43. exf4 Nf5) 42. Rxe4 fxe3+ 43. Kxe3 Nf5+ 44. Kd3 Nd6 45. Re6 Nb7 {Strongly threatening ...Nc5+.} 46. Rh6+ Kg8 47. Rg6+ $2 (47. Ne7+ $18 {is more deadly.} Kg7 48. Rxb6 Nc5+ 49. Kd4 Nxa4 50. Rh6) 47... Kh7 $16 48. Rh6+ $2 (48. Ne7 $1 $16) 48... Kg8 $1 $18 49. Ne7+ Kg7 50. Rxb6 Nc5+ 51. Kd4 Nxa4 52. Ra6 Rd8+ $2 (52... Rf1 53. Rxa5 Rg1) 53. Nd5 Kf7 54. Rf6+ Kg7 55. Ra6 Kf7 56. Rf6+ Kg7 $1 57. b6 Rh8 58. Nf4 Rb8 59. b7 {White mates.} Rxb7 60. Ne6+ Kg8 {[#]} 61. g6 $1 {[%csl Ge6][%cal Rf6f8,Bg5g6,Bg6g7][%mdl 32]} Rb4+ 62. Ke3 {[%csl Ge6][%cal Rf6f8]} Rb3+ 63. Kd2 {[%csl Ge6][%cal Rf6f8]} Rb8 {[#]} 64. g7 $1 {Precision: White = 69%, Black = 46%.} 1-0

[Event "49th CHN-ch 2018"]
[Site "Xinghua"]
[Date "2018.04.28"]
[Round "10"]
[White "Xu, Xiangyu"]
[Black "Wang, Chen"]
[Result "*"]
[WhiteElo "2574"]
[BlackElo "2495"]
[Annotator "TA"]
[PlyCount "29"]
[EventDate "2018.??.??"]
[EventCountry "CHN"]
[SourceTitle "playchess.com"]
[Source "ChessBase"]
[SourceQuality "1"]

{[%evp 10,11,44,1]} 1. Nf3 c5 2. c4 g6 3. d4 cxd4 4. Nxd4 Bg7 5. Nc3 Nf6 6. g3 {Predecessor:} O-O $146 7. Bg2 Qc7 8. Nd5 Nxd5 9. cxd5 Qb6 10. Nb3 d6 11. O-O Qa6 12. Nd4 Qb6 13. Nb3 Qa6 14. Nd4 Qb6 15. Nb3 {½-½ (15) Hamitevici,V (2519)-Jones,G (2662) Heraklio 2017} *

[Event "49th CHN-ch 2018"]
[Site "Xinghua"]
[Date "2018.04.28"]
[Round "10"]
[White "Xu, Xiangyu"]
[Black "Wang, Chen"]
[Result "1-0"]
[WhiteElo "2574"]
[BlackElo "2495"]
[Annotator "TA"]
[PlyCount "89"]
[EventDate "2018.??.??"]
[EventCountry "CHN"]
[SourceTitle "playchess.com"]
[Source "ChessBase"]
[SourceQuality "1"]

{[%evp 21,89,36,51,28,16,23,36,27,74,55,58,59,51,39,70,49,55,0,52,64,102,126,125,118,124,122,115,93,158,171,166,157,150,164,205,205,205,205,205,205,204,184,191,139,191,191,191,184,250,237,237,226,211,197,296,250,295,296,441,466,522,510,613,510,510,454,1377,1351,1294,1293]} 1. Nf3 c5 2. c4 g6 3. d4 cxd4 4. Nxd4 Bg7 5. Nc3 Nf6 6. g3 O-O 7. Bg2 d6 8. O-O Nbd7 9. b3 Nc5 10. Bb2 Rb8 11. Qd2 {E65: King's Indian: Fianchetto: 6...c5 7 0-0 without d5 by White} Bd7 {LiveBook: 3 Games} (11... a6 12. Rfd1 Bd7 13. Rac1 a5 14. Ba1 Rc8 15. Rb1 Bc6 16. Nxc6 bxc6 17. a3 Ncd7 18. b4 axb4 19. axb4 Ne5 20. c5 d5 {1-0 (42) Sosulin,E (2422)-Moiseev,V (2417) Dubna 2016}) 12. Rad1 a6 13. Rfe1 {The position is equal.} Qc7 $146 ({Predecessor:} 13... b5 14. cxb5 axb5 15. b4 Ne6 16. Nc6 Bxc6 17. Bxc6 Qb6 18. Bg2 Ng4 19. e3 Ne5 20. Nd5 Qa7 21. Bd4 Qd7 22. Bxe5 {½-½ (22) Lukac,J (2022)-Jelen,P (2077) Slovakia 2017}) 14. e4 b5 15. b4 Na4 16. Nxa4 bxa4 17. a3 Rfd8 18. Rc1 e5 19. Ne2 (19. Nc2 $14) 19... Be6 (19... a5 $1 $11) 20. Nc3 $1 $14 Qxc4 21. Nd5 Bxd5 22. Rxc4 Bxc4 23. Bf1 $36 {[%mdl 2048] White has strong initiative.} Bb5 24. f3 d5 ({Black should play} 24... Rd7 25. Rc1 Ne8 26. Bxb5 axb5) 25. Bxe5 $16 dxe4 26. Qf4 Nd5 27. Qxe4 Bxe5 28. Qxe5 Re8 29. Qa1 Ne3 30. Bxb5 axb5 31. Qd4 Nc4 32. Rxe8+ Rxe8 $18 {[%mdl 4096] Endgame KQ-KRN} 33. Qd7 Rb8 34. Qd3 Rb6 (34... h5 $142 35. f4 Rb6) 35. Qd8+ Kg7 36. Qd4+ Kg8 37. g4 h6 (37... Rc6 {keeps fighting.} 38. Qd8+ Kg7) 38. Kf2 Re6 39. f4 {[%cal Bf3f4,Bf4f5][%mdl 32]} Nxa3 (39... Rd6 $142 40. Qc5 Rb6) 40. f5 {White is clearly winning.} Ra6 {and the idea ...Nc4 leaves Black hopeful.} 41. f6 {[#] aiming for Qd8+.} Kh7 42. Qd8 g5 43. Kg1 {Threatens to win with Qe7.} Nc4 {[#]} (43... Re6 $142 44. Qd3+ Kg8 45. Qxa3 Rxf6) 44. Qe7 $1 {[%cal Re7f7]} Kg6 45. Qf8 {Precision: White = 69%, Black = 42%.} 1-0

[Event "49th CHN-ch 2018"]
[Site "Xinghua"]
[Date "2018.04.28"]
[Round "10"]
[White "Xu, Yi"]
[Black "Fang, Yuxiang"]
[Result "1-0"]
[WhiteElo "2522"]
[BlackElo "2502"]
[Annotator "TA"]
[PlyCount "123"]
[EventDate "2018.??.??"]
[EventCountry "CHN"]
[SourceTitle "playchess.com"]
[Source "ChessBase"]
[SourceQuality "1"]

{[%evp 38,123,56,42,51,45,50,57,59,55,35,29,56,49,62,44,56,39,122,132,138,125,138,137,134,76,77,76,58,52,69,69,143,55,55,55,54,54,55,58,266,260,251,250,363,202,191,0,354,187,318,337,317,297,431,423,479,489,572,518,614,650,829,764,5292,4227,2713,2326,12351,6406,29960,29951,29967,29966,29977,29978,29980,29980,29985,29980,29989,29976,29976,29975,29983,29984,29984,29985]} 1. e4 e5 2. Nf3 Nf6 3. d4 Nxe4 4. Bd3 d5 5. Nxe5 Bd6 6. O-O O-O 7. c4 Bxe5 8. dxe5 Nc6 {[%cal Bb8c6,Bc6b4,Bb4c2][%mdl 32]} 9. cxd5 Qxd5 10. Qc2 Nb4 11. Bxe4 Nxc2 12. Bxd5 Bf5 13. g4 Bxg4 14. Be4 Nxa1 15. Bf4 f5 16. Bd5+ Kh8 17. Rc1 c6 18. Bg2 Rfd8 {C43: Petroff Defence: 3 d4} 19. Nd2 h6 (19... Rxd2 20. Bxd2 Rd8 21. Bc3 Rd1+ 22. Rxd1 Bxd1 23. f4 Nc2 24. Kf2 Kg8 25. a4 a5 26. Bxa5 Nd4 27. Bf1 Bb3 {½-½ (27) Kasparov,G (2800)-Anand,V (2635) Linares 1991}) 20. h4 $1 {LiveBook: 6 Games} (20. Rxa1 $2 g5 $19) 20... Rd4 {White is slightly better.} 21. Be3 Rb4 {Strongly threatening ...f4.} 22. b3 Nxb3 23. axb3 Bh5 24. f4 {[%mdl 1024] White has compensation.} Bf7 25. Rc3 Rd8 26. Bf1 $146 ({Predecessor:} 26. Bh3) 26... a5 27. Bc4 Bxc4 (27... Bg8 $1 $14) 28. Nxc4 $16 a4 29. bxa4 $1 Rd1+ 30. Kf2 Rxa4 {[#]} 31. Nd6 ({White should play} 31. Kg3 $1) 31... g6 {[%cal Bg7g6,Bg6h5,Bh5h4][%mdl 32]} 32. Nxb7 Ra2+ 33. Kg3 $1 Kg7 34. Nc5 Ra8 ({Black should try} 34... Re2 $14) 35. h5 (35. Ne6+ $16 Kf7 36. Nc7 (36. Rxc6 Rd3 $11)) 35... gxh5 $14 36. Ne6+ Kh7 $1 37. Nd4 (37. Rxc6 Rd3 $17) 37... h4+ $1 38. Kh3 (38. Kxh4 Rg8 $15) 38... Rg8 $2 (38... Rf8 $1 $14) 39. Kh2 $18 Rf8 40. Nf3 (40. Rxc6 Rd3 $16) (40. Nxc6 Ra8 $14) 40... Rfd8 (40... h3 $142 41. Kxh3 (41. Rxc6 $2 Rd3 $19) 41... Rfd8) 41. Bc5 (41. Rxc6 R8d3 $11) (41. Nxh4 $142 R8d3 42. Rxd3 (42. Rxc6 Rxe3 43. Rxh6+ Kxh6 $11) 42... Rxd3 43. Bc5 (43. Nxf5 Kg6 $18)) 41... Rg8 {[#]} 42. Be3 $2 (42. Nxh4 $6 Rd2+ 43. Kh3 Rd1 $16) (42. e6 $1) 42... Rgd8 $1 {[%cal Rd8d3]} 43. Bf2 ({Worse is} 43. Rxc6 R8d3 $11) (43. Nxh4 $142 R8d3 44. Rxd3 (44. Rxc6 Rxe3 45. Rxh6+ Kxh6 $11) 44... Rxd3 45. Bb6 (45. Nxf5 Kg6 $16)) 43... Rg8 (43... c5 $142) 44. Nxh4 ({Not} 44. Rxc6 Rf1 $16) 44... Rd2 45. Rf3 c5 (45... Rf8 {might work better.} 46. Kg3 Rc2) 46. Nxf5 c4 47. Nd6 c3 48. Ne4 c2 49. Rc3 Re2 50. Nf6+ Kh8 51. Nxg8 Rxf2+ {[%mdl 4096] Endgame KRN-KR} 52. Kg3 Rd2 53. Rc8 Rd8 54. Rxc2 {White mates.} Kxg8 {KR-KR} 55. Kg4 Kf7 56. Kf5 h5 57. Rc7+ Kg8 58. Kg5 Rf8 59. Rc4 Kf7 60. f5 Ke7 61. Rc7+ Kd8 62. Ra7 {Precision: White = 80%, Black = 39%.} 1-0

[Event "49th CHN-ch 2018"]
[Site "Xinghua"]
[Date "2018.04.28"]
[Round "10"]
[White "Xu, Yi"]
[Black "Fang, Yuxiang"]
[Result "*"]
[WhiteElo "2522"]
[BlackElo "2502"]
[Annotator "TA"]
[PlyCount "26"]
[EventDate "2018.??.??"]
[EventCountry "CHN"]
[SourceTitle "playchess.com"]
[Source "ChessBase"]
[SourceQuality "1"]

{[%evp 5,5,25]} 1. e4 e5 2. Nf3 Nf6 3. d4 {Predecessor:} Nxe4 $146 4. dxe5 d5 5. Nbd2 Nxd2 6. Bxd2 Be7 7. Bd3 c5 8. c3 Nc6 9. O-O Bg4 10. Re1 Qd7 11. h3 Bh5 12. Bf4 Qe6 13. a3 O-O {0-1 (69) Grischuk,A (2767)-Caruana,F (2784) Berlin 2018} *

[Event "49th CHN-ch 2018"]
[Site "Xinghua"]
[Date "2018.04.28"]
[Round "10"]
[White "Xu, Jun"]
[Black "Wen, Yang"]
[Result "0-1"]
[WhiteElo "2501"]
[BlackElo "2585"]
[Annotator "TA"]
[PlyCount "64"]
[EventDate "2018.??.??"]
[EventCountry "CHN"]
[SourceTitle "playchess.com"]
[Source "ChessBase"]
[SourceQuality "1"]

{[%evp 9,64,34,50,26,55,18,19,14,10,9,15,-5,2,-16,-8,-11,-8,-12,-7,-70,-65,-66,-66,-110,-80,-115,-96,-110,-91,-110,-64,-134,-112,-143,-164,-162,-167,-164,-149,-152,-147,-159,-152,-191,-202,-322,-322,-317,-290,-394,-390,-391,-393,-390,-366,-604,-593]} 1. d4 d6 2. Nf3 g6 3. c4 Bg7 4. Nc3 Nc6 5. d5 Bxc3+ (5... Ne5 6. Nxe5 Bxe5 7. g3 c5 8. Bg2 Bg7 9. O-O Nf6 10. Qc2 O-O 11. Re1 e6 12. dxe6 Bxe6 13. Bxb7 Rb8 14. Bg2 Bxc4 15. Bg5 h6 16. Bxf6 Bxf6 17. b3 Qa5 18. Rac1 Qxc3 {½-½ (18) Lenic,L (2662)-Nakamura,H (2781) chess.com INT 2018}) 6. bxc3 {A41: 1 d4 d6: Tartakower System and Modern Defence} Na5 7. c5 $146 ({Predecessor:} 7. Qd4 Nf6 8. Bg5 c5 9. Qh4 h6 10. Nd2 Nh5 11. Be3 e5 12. Qxd8+ Kxd8 13. f3 {½-½ (53) Batchuluun,T (2544)-Sjugirov,S (2649) Astana 2017}) 7... dxc5 8. c4 {Threatening Qa4+.The position is equal.} c6 9. e4 Nf6 10. e5 Ne4 11. Ng5 Nxg5 12. Bxg5 h6 13. Be3 b6 14. Be2 (14. e6 $11) 14... Ba6 $36 {[%mdl 2048] Black has the initiative.} 15. Qa4 Qd7 16. e6 fxe6 17. dxc6 Qxc6 18. Qc2 {[#]} O-O-O $1 19. O-O g5 {[%cal Bg6g5,Bg5g4][%mdl 32]} 20. f4 {[#]} (20. Bd2 $15) 20... g4 $1 $17 21. f5 (21. Bxg4 Bxc4) 21... h5 22. Rf2 exf5 23. Qxf5+ Qd7 24. Qe4 {Black must now prevent Qa8+.} Bb7 25. Qg6 Qd6 26. Qxd6 exd6 27. Rf5 (27. Bd2 $142) 27... Rde8 $19 28. Kf2 Rhf8 29. Rxf8 Rxf8+ 30. Kg3 Re8 31. Kf2 {[#]} Bxg2 $1 {[%mdl 512]} 32. Rd1 $2 {[#]} (32. Re1 Bb7 33. Bd2) (32. Kxg2 Rxe3) 32... Bf3 $1 {Precision: White = 34%, Black = 83%.} 0-1

[Event "49th CHN-ch 2018"]
[Site "Xinghua"]
[Date "2018.04.29"]
[Round "11"]
[White "Wen, Yang"]
[Black "Xu, Xiangyu"]
[Result "1/2-1/2"]
[WhiteElo "2585"]
[BlackElo "2574"]
[Annotator "TA"]
[PlyCount "122"]
[EventDate "2018.??.??"]
[EventCountry "CHN"]
[SourceTitle "playchess.com"]
[Source "ChessBase"]
[SourceQuality "1"]

{[%evp 18,122,40,20,30,31,26,4,31,31,33,41,75,72,108,87,98,85,108,56,72,25,37,25,63,33,79,78,79,56,64,59,67,61,79,64,79,79,79,79,79,79,79,79,79,79,79,79,79,79,79,60,81,66,77,77,73,75,75,72,69,62,55,0,0,0,0,6,12,0,0,0,1,0,0,0,0,0,0,-4,0,-8,0,0,0,0,0,0,0,0,0,0,0,0,0,0,0,0,0,0,0,0,0,0,0,0,0]} 1. e4 c5 2. Nf3 d6 3. d4 cxd4 4. Nxd4 Nf6 5. Nc3 Nc6 6. Bg5 e6 7. Qd2 a6 8. O-O-O Bd7 9. f3 Be7 10. h4 h6 {B67: Sicilian: Richter-Rauzer: 7...a6 8 0-0-0 Bd7, lines without 9 f4 Be7} 11. Be3 h5 12. Kb1 b5 (12... Qc7 13. Bg5 Ne5 14. Bd3 b5 15. Rhe1 b4 16. Nce2 a5 17. f4 Neg4 18. Ng1 {½-½ (91) Short,N (2678)-Li,C (2732) Riadh 2017}) 13. Nxc6 Bxc6 14. Ne2 d5 15. Nd4 Bb7 16. e5 Nd7 {[%cal Bf6d7,Bd7c5,Bc5a4][%mdl 32]} 17. f4 g6 18. Qf2 $146 (18. g4 $16) ({Predecessor:} 18. g4 hxg4 {1-0 (36) Drenchev,P (2447)-Monroy,C (2408) Groningen 2007}) 18... Nc5 $1 $14 19. Bd3 Qc7 20. Nb3 {[%cal Rb3c5]} Na4 21. c3 O-O-O 22. Ba7 Bc6 23. Rc1 Bd7 24. Be2 Kb7 25. Bd4 Rc8 26. Qe3 Kb8 27. Bf3 Bc6 28. g3 Ba8 29. Rh2 Bb7 30. Rhc2 Ba8 31. Bg2 Bb7 32. Bh1 Ba8 33. Bf3 Bb7 34. Qe2 Nc5 35. Nd2 Na4 36. Qe3 Bc5 37. Be2 Ka8 38. b3 Nb6 39. Bxc5 Qxc5 40. Qxc5 (40. Qd4 $14) 40... Rxc5 $11 {The position is equal.} 41. Nf3 Rc7 42. Ng5 Ka7 43. Kb2 Rf8 44. Rd1 Nd7 45. Rd4 Nc5 46. Bd3 Kb6 47. Re2 a5 48. Re3 Rfc8 49. Bb1 Na6 50. a3 Nc5 51. Bc2 Bc6 52. b4 Na4+ 53. Bxa4 bxa4 54. bxa5+ Kxa5 55. Nf3 Bb5 56. Rb4 Rc4 57. Nd4 Ba6 58. Rf3 R8c7 59. Re3 Rc8 60. Rf3 R8c7 61. Re3 Rc8 {Precision: White = 72%, Black = 72%.} 1/2-1/2

[Event "49th CHN-ch 2018"]
[Site "Xinghua"]
[Date "2018.04.29"]
[Round "11"]
[White "Zeng, Chongsheng"]
[Black "Lu, Shanglei"]
[Result "1/2-1/2"]
[WhiteElo "2542"]
[BlackElo "2640"]
[Annotator "TA"]
[PlyCount "159"]
[EventDate "2018.??.??"]
[EventCountry "CHN"]
[SourceTitle "playchess.com"]
[Source "ChessBase"]
[SourceQuality "1"]

{[%evp 20,159,19,0,34,37,36,32,37,27,48,27,38,27,37,39,72,73,87,71,108,107,102,101,119,127,144,144,168,98,108,121,126,99,245,243,225,185,191,172,334,333,333,254,367,367,352,272,360,348,410,383,383,383,336,261,234,123,114,123,116,116,116,116,116,116,116,115,116,116,116,98,104,79,79,79,96,96,96,96,96,93,93,93,94,94,94,94,94,93,93,93,93,93,94,94,94,94,94,51,94,94,94,94,94,94,94,0,94,94,94,58,58,0,0,0,0,0,0,0,0,0,0,0,0,0,0,0,0,0,0,0,0,0,0,0,0,0,0,0,0,0]} 1. d4 Nf6 2. Nf3 e6 3. c4 d5 4. g3 dxc4 5. Bg2 c5 6. O-O Nc6 7. Qa4 Bd7 8. Qxc4 b5 9. Qd3 c4 10. Qd1 Rc8 11. Ne5 {LiveBook: 8 Games. E04: Open Catalan: 5 Nf3} (11. b3 Na5 12. Ne5 cxb3 13. axb3 Rxc1 14. Qxc1 Nxb3 15. Qb2 Nxa1 16. Qxa1 Bd6 17. Qxa7 O-O 18. Nxd7 Nxd7 {½-½ (77) Yu,Y (2751)-Harikrishna,P (2744) Huaian 2017}) 11... Be7 12. a4 a6 {[%cal Ba7a6,Ba6b5,Bb5b4][%mdl 32]} 13. axb5 {White is slightly better.} axb5 14. Nc3 b4 15. Nxd7 Qxd7 16. d5 Ne5 $146 ({Predecessor:} 16... Nb8 17. dxe6 Qxe6 18. Nb5 O-O {1-0 (50) Emrich,E (2183)-Vohl,G (2404) ICCF email 2012}) 17. dxe6 fxe6 18. Qxd7+ Nexd7 19. Nb5 $1 Kf7 20. Bf4 e5 21. Be3 Rhd8 22. Rfc1 $1 e4 23. Bh3 h5 24. Ra6 (24. Ra7 $18) 24... Ng4 $16 25. Bxg4 hxg4 26. Na7 $1 Bf6 (26... Ra8 $16 {was necessary.}) 27. Nxc8 $18 Rxc8 28. Ra4 Bxb2 29. Rd1 $36 {[%mdl 2048] White is in control.} Nf6 $2 (29... Ne5) 30. Rxb4 c3 31. Rb7+ Ke6 (31... Kg6 $142 32. Rd6 Ba3) 32. Rb6+ $1 Ke5 33. Bf4+ Kf5 {intending ...c2.} 34. Rdd6 Rc5 35. Be3 Rd5 36. Rdc6 Nd7 37. Rb7 Ne5 {[#]} 38. Ra6 (38. Rcb6 $1 $18 Nc4 39. Rc6) 38... c2 $16 39. Rxb2 Nf3+ 40. Kg2 Ne1+ 41. Kf1 Nf3 {[#] ( -> ...Rd1+)} 42. Ra5 $1 {[%cal Ra5d5]} Rxa5 43. Rxc2 {[%mdl 4096] Endgame KRB-KRN} Ra1+ 44. Rc1 Rxc1+ 45. Bxc1 {KB-KN} Nd4 46. Ke1 Ke6 47. Bb2 Nf5 48. Kf1 g6 49. Kg2 Nd6 50. f3 exf3+ 51. exf3 Kf5 52. fxg4+ Kxg4 53. h3+ Kf5 54. g4+ Ke4 55. Bc1 Nf7 56. Kg3 g5 57. Bd2 Kd3 58. Ba5 Ke4 59. Bb4 Ne5 60. Bd2 Nf7 61. Bc1 Kd3 62. Kf3 Ne5+ 63. Kg3 Nf7 64. Bb2 Ke4 65. Kf2 Ne5 66. Bxe5 (66. Kg2 $1 $14) 66... Kxe5 $14 {KPP-KP. The position is equal.} 67. Ke3 Kd5 $1 68. Kf3 Ke5 $1 69. Kg3 {Intending h4 and mate.} Kf6 $1 70. Kg2 {And now Kg3 would win.} Kg6 71. Kf3 {Strongly threatening Ke4.} Kf6 72. Ke4 Ke6 73. Kd4 {Ke4 is the strong threat.} Kd6 $1 74. Ke3 {aiming for Kd4.} Ke5 75. Kf3 Kf6 $1 76. Kg2 Ke5 77. h4 gxh4 78. Kh3 Kf6 79. Kxh4 {Black must now prevent Kh5.} Kg6 80. g5 {Precision: White = 77%, Black = 71%.} 1/2-1/2

[Event "49th CHN-ch 2018"]
[Site "Xinghua"]
[Date "2018.04.29"]
[Round "11"]
[White "Fang, Yuxiang"]
[Black "Bai, Jinshi"]
[Result "1/2-1/2"]
[WhiteElo "2502"]
[BlackElo "2586"]
[Annotator "TA"]
[PlyCount "136"]
[EventDate "2018.??.??"]
[EventCountry "CHN"]
[SourceTitle "playchess.com"]
[Source "ChessBase"]
[SourceQuality "1"]

{[%evp 19,136,6,6,6,6,6,6,6,9,6,7,6,11,6,6,6,4,5,2,0,2,-13,-13,-13,-13,-13,-13,-13,-13,-13,-13,-14,-14,-14,-13,-16,-12,-8,-10,-16,-2,-10,-9,-11,-8,-20,-20,-48,-8,-8,-8,-8,-8,-8,-8,-8,0,-8,0,0,0,0,0,0,0,0,0,0,0,0,0,0,0,0,0,0,0,0,0,-2,0,-8,-8,-8,-8,-8,-8,-8,-8,-8,-8,-8,-8,-8,-8,-8,-8,-8,-8,-8,-8,-8,-8,-8,-8,-8,-8,-8,-8,-8,-8,-8,0,0,0,0,0,0,0]} 1. d4 Nf6 2. Nf3 g6 3. c4 Bg7 4. g3 d5 5. Bg2 O-O 6. O-O Nc6 7. cxd5 Nxd5 8. Nc3 Nb6 9. e3 Re8 10. b3 e5 11. Nxe5 {D76: Fianchetto Grünfeld: Main Line with 7...Nb6} Nxe5 12. dxe5 Qxd1 (12... Bxe5 13. Bb2 Qe7 14. Qc2 c6 15. Rad1 Bg4 16. f3 Be6 17. f4 Bg7 18. e4 Rad8 19. e5 Bg4 20. Bf3 Rxd1 21. Qxd1 {0-1 (59) Giri,A (2784)-Vachier Lagrave,M (2773) London 2015}) 13. Rxd1 Bxe5 14. Bb2 c6 15. Rd2 Bf5 16. Rad1 a5 17. Bf3 h5 $146 ({Predecessor:} 17... Bg7 18. Ne2 Bxb2 19. Rxb2 Red8 20. Nd4 Bh3 {½-½ (30) Deghose,M (2121)-Pascual Perez,N (2316) LSS email 2011}) 18. Kg2 Bg7 19. h3 a4 20. Nxa4 Nxa4 21. bxa4 Rxa4 22. Rd8 Rxd8 23. Rxd8+ Kh7 24. Bxg7 Kxg7 $11 {[%mdl 4096] Endgame KRB-KRB} 25. Rb8 Ra7 26. g4 hxg4 27. hxg4 Be6 28. a4 Kf6 29. Bd1 Ke5 30. f4+ Ke4 31. Kf2 {[#] Rd8 would kill now.} Kd3 32. Be2+ Kc3 33. e4 Rxa4 34. f5 {The position is equal.} gxf5 35. gxf5 Ba2 36. Rxb7 Rxe4 {Strongly threatening ...Bd5.} 37. Bf3 $1 {[%cal Rf3e4]} Rc4 38. Rc7 Rf4 39. Ke3 Rxf5 {Threatens to win with ...c5.} 40. Rxc6+ Kb4 41. Be4 Rf1 42. Rb6+ Kc5 43. Rc6+ Kb4 44. Rb6+ Kc3 45. Rc6+ Kb2 46. Rb6+ Kc3 47. Rc6+ Kb4 48. Rb6+ Kc5 49. Rc6+ Kb5 {[#] Hoping for ...Re1+.} 50. Bd3+ (50. Rc8 {looks sharper.} Rd1 51. Rb8+ Kc5 52. Rc8+ Kb6 53. Rc6+) 50... Kxc6 51. Bxf1 {KB-KB} Kd5 52. Kf4 Ke6 53. Bd3 Kf6 54. Bb5 Kg7 55. Be8 f6 56. Bb5 Bb1 57. Bc6 Bd3 58. Bd5 Kf8 59. Bc6 Ke7 60. Bd5 Kd6 61. Bb7 Ke6 62. Bc6 Bc2 63. Bb7 Ba4 64. Be4 Bb3 65. Bc6 Bd5 66. Bxd5+ Kxd5 67. Kf5 Kc6 68. Kxf6 Kd5 {Precision: White = 73%, Black = 81%.} 1/2-1/2

[Event "49th CHN-ch 2018"]
[Site "Xinghua"]
[Date "2018.04.29"]
[Round "11"]
[White "Wang, Chen"]
[Black "Zhou, Jianchao"]
[Result "1/2-1/2"]
[WhiteElo "2495"]
[BlackElo "2616"]
[Annotator "TA"]
[PlyCount "138"]
[EventDate "2018.??.??"]
[EventCountry "CHN"]
[SourceTitle "playchess.com"]
[Source "ChessBase"]
[SourceQuality "1"]

{[%evp 20,138,5,6,23,8,33,1,0,0,0,2,38,0,37,-10,54,0,28,0,8,-39,-16,-16,0,-16,-13,-13,15,-18,34,31,34,14,70,61,68,68,69,26,27,0,0,0,27,27,27,30,30,0,0,0,0,0,0,0,0,0,0,0,0,0,0,0,0,0,0,0,0,0,0,0,0,0,0,0,0,0,0,0,0,0,0,0,0,0,0,0,0,0,0,0,0,0,0,0,0,0,0,0,0,0,0,0,0,0,0,0,0,0,0,0,0,0,0,0,0,0,0,0,0]} 1. d4 Nf6 2. Nf3 g6 3. Bg5 Bg7 4. Nbd2 d5 5. e3 O-O 6. Be2 Nbd7 7. O-O c5 8. c3 b6 9. a4 a6 {D03: 1 d4 d5 2 Nf3 Nf6 3 Bg5, including Torre Attack with early ...d5} 10. h3 (10. b4 Bb7 11. a5 cxb4 12. cxb4 b5 13. Rc1 Ne8 14. Nb3 Nd6 15. Ne1 Nc4 16. Nd3 Ra7 17. Bh4 {0-1 (54) Kramnik,V (2783)-Caruana,F (2802) Shamkir 2015}) 10... Bb7 11. Bf4 {LiveBook: 16 Games} Ne8 12. Qb1 $146 ({Predecessor:} 12. Bg3 Nd6 13. Qc2 Rc8 14. Bxd6 exd6 15. Qb3 Qe7 16. Rfe1 Kh8 17. Bf1 {0-1 (98) Petrovic,M (2246)-Stojanovic,A (2193) Tivat 2006}) 12... Rc8 13. Rd1 Nd6 14. Qa2 Re8 15. Ne5 Nf6 16. Bh2 e6 17. Rac1 h5 (17... Nfe4 $11) 18. Nef3 (18. a5 $14) 18... c4 19. b4 b5 20. a5 Nde4 21. Qc2 Bh6 22. Rf1 Nh7 23. Rce1 Nf8 24. Bd1 Nxd2 ({Black should play} 24... Bg7 $11) 25. Nxd2 $14 Nd7 26. f4 Nf6 (26... h4 $11) 27. g4 hxg4 28. hxg4 {[#] Threatens to win with g5.} Ne4 29. Bf3 {[%cal Rd2e4]} f5 30. g5 Bf8 31. Kg2 Re7 32. Bg3 Rh7 33. Rh1 Rcc7 34. Rd1 Bd6 {The position is equal.} 35. Rxh7 Rxh7 36. Nxe4 dxe4 37. Be2 Be7 38. Qc1 Bc6 39. Rh1 Rxh1 40. Kxh1 Kf7 41. Kg2 Qf8 42. Qh1 Kg8 43. Qe1 Bd5 44. Kg1 Qc8 45. Qb1 Qc7 46. Kf2 Bf8 47. Kg2 Qa7 48. Kf2 Qh7 49. Kg2 Be7 50. Qh1 Qg7 51. Qb1 Bd6 52. Kf2 Qh8 53. Kg2 Kf7 54. Qh1 Qg7 55. Qb1 Kg8 56. Kf2 Qh8 57. Kg2 Be7 58. Qh1 Qg7 59. Qb1 Qf8 60. Kf2 Bc6 61. Qe1 Qd8 62. Qc1 Kf7 63. Qh1 {[#] Black must now prevent Qh7+.} Qg8 64. Qb1 Qh8 65. Kg2 Bd6 66. Qh1 Qg7 67. Qb1 Qh8 68. Qh1 Qxh1+ 69. Kxh1 Bd5 {Precision: White = 61%, Black = 51%.} 1/2-1/2